01066 2200313 4500001002100000005001500021035002000036007000300056008004100059020002200100082001600122084001800138100004000156245015600196300004500352650002200397700004200419700003700461700002600498264005400524336002100578337003000599338002300629040002200652090002200674850001200696999002200708990002200730INLIS00000000089189420241212104541 a0010-1224000441ta241212s2024 yoia c 1 eng d a978-602-6806-35-204223a028.534 a028.534 FEL f0 aFelicia Vinanda PrasetyaePengarang10aFailure is the begining of all success /cFelicia Vinanda Prasetya, Lemmuela Alvita Kurniawati; ilustrator, Treestyara Falckayla; penyunting, Mega Wati a14 halaman :bilustrasi, gambar ;c21 cm 4aBacaan kanak-anak0 aLemmuela Alvita KurniawatiePengarang0 aTreestyara FalckaylaeIlustrator0 aMega WatiePenyunting31aYogyakarta :bDuta Wacana University Press,c2024 2rdacontentateks 2rdamediaatanpa perantara 2rdacarrieravolume aYOPDYOGbinderda aCB-D.11 2024-3736 aYOPDYOG aCB-D.11/2024-3736 aCB-D.11/2024-3736